LEADER 00741naa a2200145 i 4500 001 000000330326 003 CaOOAMICUS 005 20180831173637.0 008 180831n it u000 u ita u 013 $a42089 040 $aSeMil$bita 245 10$aFilosofia e religione nel pensiero di Luigi Pareyson. 600 14$aPareyson, Luigi <1918-1991>.$0(OLS)http://semarc/subject/6045 773 0 $tApprossimazioni alla trascendenza.$dPisa ; Roma : Istituti Editoriali e Poligrafici Internazionali, 2005.$kPubblicazioni della Facoltà di lettere e filosofia$kPubblicazioni della Facoltà di lettere e filosofia. Atti di convegni$z88-8147-427-1$gp.93-112$w()146250 996 $6245$aFilosofia e religione nel pensiero di Luigi Pareyson$9(OLS)http://semarc/title/418781 LEADER 01171nam a2200265 i 4500 001 000000042765 003 CaOOAMICUS 005 20100611000000.0 008 100611s1988 it u000 u ita u 013 $a13935 040 $aSeMil$bita 245 13$aIl mosaico della misericordia /$ca cura di Arnaldo Pangrazzi. 260 $aTorino :$bEdizioni Camilliane,$c1988. 300 $a158 p. ;$c21 cm. 490 0 $aMondo della salute. Torino : Edizioni Camilliane, copyr. 1986 . v. ; 21 cm ;$v4 500 $aIn testa al front. : Autori Vari. 650 4$aMalati - Pastorale.$0(OLS)http://semarc/subject/5581 650 4$aPastorale sanitaria.$0(OLS)http://semarc/subject/4491 700 1 $aPangrazzi, Arnaldo.$0(OLS)http://semarc/name/21182 830 0$aMondo della salute. Torino : Edizioni Camilliane, copyr. 1986 . v. ; 21 cm ;$v4.$0(OLS)http://semarc/title/62495 850 $aSeMil 852 $aSeMil$W1$xVenegono$y1$m2F V 134$j8920$B8920$CSeMilBibl$Z2$F8920 $81 961 $aOmaggio: Donazione 996 $6245$aIl mosaico della misericordia$9(OLS)http://semarc/title/62511 996 $6260$aTorino :$bEdizioni Camilliane$9(OLS)http://semarc/publisher/29724